00493pab a2200157 454500008004000000100002900040245008900069260000900158300001400167362000800181650003700189650002100226700001700247700001900264773005200283180718b2010 xxu||||| |||| 00| 0 eng d aRomero, Roxana Gutierrez aTo what extent does deprivation affect the performance of english local authorities? c2010 ap.137-70. aMar aLocal government - Great Britain aLocal government aMcLean, Iain aHaubrich, Dirk aInternational Review of Administrative Sciences